000 00891nam a22002537a 4500
005 20170123162318.0
010 _a954489
020 _c60.00
035 _a954489
037 _bCen Lib/Ret
040 _aDPL
_bUR
082 _a841.08
_bا ق ب
100 _aیوسف سلیم چشتی
_9115810
245 _aپیامِ مشرق :
_cیوسف سلیم چشتی
_bعلّاما اقبال مح شرح /
246 _aPayam-e-mashrik : Allama iqbal Masharh /
_bby yusuf Saleem Chishti
260 _aدہلی
_bاعتقاد پبلشنگ ہاؤس
_c1979
270 _bدہلی
_aگلی کوٹنا سویی والا
_e110002
300 _a672p.
_c21cm(Hb)
650 _aاردو ادب
_9115811
650 _aاردو سوانے عمری
_9115812
650 _aUrdu literature
_9115813
650 _aUrdu biography
_9511
942 _2ddc
_cUR
_h841.08
_mا ق ب
999 _c106876
_d106876